[Event "18th "]
[Site "Senta"]
[Date "2014.07.21"]
[Round "4.13"]
[White "Farkas, Tibor"]
[Black "Nestorovic, Irena"]
[Result "1-0"]
[WhiteElo "2246"]
[BlackElo "2018"]
[PlyCount "79"]
[EventDate "2014.07.19"]

1. e4 e5 2. Nf3 Nc6 3. Bb5 a6 4. Ba4 Nf6 5. O-O Be7 6. Re1 b5 7. Bb3 d6 8. c3
O-O 9. d4 Bg4 10. d5 Na5 11. Bc2 Nc4 12. a4 c6 13. dxc6 Qc7 14. h3 Be6 15. b3
Na5 16. Ng5 Qxc6 17. Nxe6 fxe6 18. Bd2 Bd8 19. Na3 bxa4 20. b4 Nb3 21. Bxb3
axb3 22. Qxb3 d5 23. exd5 exd5 24. Rxe5 Bc7 25. Re2 Kh8 26. Rd1 Ne4 27. c4 d4
28. Qd3 Qd6 29. g3 Nxd2 30. Rdxd2 Qxb4 31. Nc2 Qb1+ 32. Rd1 Qb7 33. Qe4 Qb3 34.
Qd3 Qb7 35. Nxd4 Rad8 36. Qc2 Qb6 37. c5 Qf6 38. Ne6 Rxd1+ 39. Qxd1 Rc8 40.
Nxc7 1-0

[Event "18th "]
[Site "Senta"]
[Date "2014.07.21"]
[Round "4.14"]
[White "Vranic, Ljubomir"]
[Black "Kecskemeti, Arpad"]
[Result "0-1"]
[WhiteElo "2218"]
[BlackElo "1966"]
[PlyCount "102"]
[EventDate "2014.07.19"]

1. d4 Nf6 2. c4 g6 3. Nc3 d6 4. e4 Bg7 5. f3 O-O 6. Be3 c6 7. Qd2 e5 8. Nge2
Qe7 9. g3 Nbd7 10. Bg2 Ne8 11. O-O f5 12. b4 Nef6 13. d5 c5 14. a3 b6 15. Qd3
Nh5 16. exf5 gxf5 17. Rae1 e4 18. fxe4 Ne5 19. Qd1 Nxc4 20. Bc1 Bd7 21. Qd3 Ne5
22. Qc2 c4 23. Nf4 Nxf4 24. Bxf4 Nd3 25. Rd1 fxe4 26. Nxe4 Bg4 27. Rxd3 cxd3
28. Qxd3 Bf5 29. Re1 Rae8 30. Qc4 Be5 31. Bg5 Qg7 32. Be3 Kh8 33. Bf2 Rc8 34.
Qb3 Bd4 35. Rf1 Bxe4 36. Bxe4 Rxf2 37. Rxf2 Bxf2+ 38. Kxf2 Qd4+ 39. Qe3 Qxe3+
40. Kxe3 Rc3+ 41. Kf4 Rxa3 42. Kf5 a5 43. bxa5 bxa5 44. Bc2 Re3 45. Kf6 Re2 46.
Bb3 Rxh2 47. g4 Re2 48. g5 Re5 49. Bc4 a4 50. Ba2 a3 51. Bc4 Kg8 0-1

[Event "18th "]
[Site "Senta"]
[Date "2014.07.21"]
[Round "4.15"]
[White "Popov, Stevan"]
[Black "Mulenko, Alexander"]
[Result "1/2-1/2"]
[WhiteElo "2189"]
[BlackElo "2000"]
[PlyCount "25"]
[EventDate "2014.07.19"]

1. e4 c5 2. Nf3 g6 3. c3 Bg7 4. d4 cxd4 5. cxd4 d5 6. e5 Bg4 7. Nc3 Nc6 8. Be3
Nh6 9. Qb3 Bxf3 10. gxf3 Qd7 11. Qxd5 Qxd5 12. Nxd5 O-O-O 13. Bh3+ 1/2-1/2

[Event "18th "]
[Site "Senta"]
[Date "2014.07.21"]
[Round "4.16"]
[White "Toth, Kazmer"]
[Black "Scepanovic, Labud"]
[Result "0-1"]
[WhiteElo "1964"]
[BlackElo "2144"]
[PlyCount "88"]
[EventDate "2014.07.19"]

1. d4 g6 2. c4 Bg7 3. Nc3 d6 4. e4 Nc6 5. Be3 Nf6 6. h3 O-O 7. Nf3 a6 8. Qd2 e5
9. d5 Ne7 10. g4 Kh8 11. Be2 Rb8 12. O-O-O b5 13. g5 Nh5 14. c5 Nf4 15. Bf1 f5
16. gxf6 Rxf6 17. Ne1 Bh6 18. Ne2 c6 19. cxd6 Qxd6 20. Nxf4 Bxf4 21. Nd3 Bxe3
22. Qxe3 cxd5 23. exd5 Qxd5 24. Qxe5 Qxe5 25. Nxe5 Rxf2 26. Rd8+ Kg7 27. Re8
Rb7 28. Bd3 Rc7+ 29. Kb1 Bf5 30. Rc1 Rb7 31. Bxf5 Rxf5 32. Nc6 Nxc6 33. Rxc6 a5
34. Rec8 Rbf7 35. a3 Re5 36. Kc2 Rf2+ 37. Kb1 Re1+ 38. Rc1 Ree2 39. R1c2 Rxc2
40. Rxc2 Rxc2 41. Kxc2 Kf6 42. Kd3 Ke5 43. b3 g5 44. Ke3 h5 0-1

[Event "18th "]
[Site "Senta"]
[Date "2014.07.21"]
[Round "4.17"]
[White "Jovicic, Radosav"]
[Black "Milanovic, Maja"]
[Result "1-0"]
[WhiteElo "2141"]
[BlackElo "1943"]
[PlyCount "81"]
[EventDate "2014.07.19"]

1. d4 Nf6 2. Nf3 c5 3. d5 b5 4. Bg5 Qb6 5. a4 b4 6. a5 Qb7 7. c4 Na6 8. Nbd2 d6
9. e4 h6 10. Bxf6 gxf6 11. Nh4 Rg8 12. g3 Bd7 13. Bd3 O-O-O 14. O-O e6 15. Bc2
Bg7 16. Qh5 Be8 17. Rfb1 Qe7 18. Ba4 Bxa4 19. Rxa4 f5 20. dxe6 fxe6 21. exf5
Bf6 22. Ndf3 exf5 23. Qxf5+ Kc7 24. Ng2 Rgf8 25. Nf4 Kb8 26. Qc2 Qf7 27. Re1
Rde8 28. Raa1 Qb7 29. Nd5 Bg7 30. Rxe8+ Rxe8 31. Re1 Rxe1+ 32. Nxe1 Nc7 33.
Nxc7 Qxc7 34. a6 Qc6 35. Qe2 Qxa6 36. b3 Bc3 37. Nd3 Qa3 38. Qe8+ Kc7 39. Nf4
Qc1+ 40. Kg2 Qe1 41. Nd5+ 1-0

[Event "18th "]
[Site "Senta"]
[Date "2014.07.21"]
[Round "4.18"]
[White "Bernath, Robert"]
[Black "Molnar Gabor, Roland"]
[Result "1-0"]
[WhiteElo "2102"]
[BlackElo "1956"]
[PlyCount "81"]
[EventDate "2014.07.19"]

1. e4 e5 2. Nf3 Nc6 3. d4 exd4 4. Bc4 Nf6 5. e5 d5 6. Bb5 Ne4 7. Nxd4 Bd7 8.
Bxc6 bxc6 9. O-O Bc5 10. f3 Ng5 11. f4 Ne4 12. Be3 Bb6 13. Nc3 Nxc3 14. bxc3
Qe7 15. Qd2 c5 16. Nb3 Bc6 17. Rae1 O-O-O 18. Qf2 Bb5 19. Nxc5 Bxf1 20. Rxf1 f6
21. Nd3 g5 22. Bxb6 cxb6 23. fxg5 fxg5 24. Qf5+ Kb7 25. Qg4 Rhf8 26. Re1 Rc8
27. Qd4 Qe6 28. Rb1 Rc4 29. Nc5+ Rxc5 30. Qxc5 Rc8 31. Qe3 h6 32. Rf1 Qc6 33.
Rf7+ Kb8 34. e6 Re8 35. Rf6 h5 36. h3 Re7 37. Qe5+ Kc8 38. Rf8+ Re8 39. Rxe8+
Qxe8 40. Qxd5 a5 41. Qa8+ 1-0

[Event "18th "]
[Site "Senta"]
[Date "2014.07.21"]
[Round "4.22"]
[White "Tomin, Kristifor"]
[Black "Arsic, Djordje"]
[Result "0-1"]
[WhiteElo "1947"]
[BlackElo "2055"]
[PlyCount "58"]
[EventDate "2014.07.19"]

1. d4 Nf6 2. Nf3 e6 3. Bg5 c5 4. c3 Nc6 5. e3 b6 6. Nbd2 Be7 7. Bd3 Bb7 8. Qe2
O-O 9. h4 cxd4 10. exd4 Nd5 11. Bxe7 Qxe7 12. Bxh7+ Kxh7 13. Ng5+ Kg8 14. Nde4
Nf6 15. O-O-O Nxe4 16. Qxe4 f5 17. Qe2 Qf6 18. f4 Nd8 19. Rh2 Nf7 20. g4 fxg4
21. Qxg4 Nh6 22. Qg1 Qxf4+ 23. Kb1 Qg4 24. Qe1 Ba6 25. Rh1 Rf4 26. Qe5 Qf5+ 27.
Ka1 Qxe5 28. dxe5 Bb5 29. a3 Raf8 0-1

[Event "18th "]
[Site "Senta"]
[Date "2014.07.21"]
[Round "4.26"]
[White "Sarnyai, Daniel"]
[Black "Cvetanovic, Damjan"]
[Result "1-0"]
[WhiteElo "1851"]
[BlackElo "2027"]
[PlyCount "81"]
[EventDate "2014.07.19"]

1. c4 e6 2. Nc3 d5 3. d4 Nf6 4. Nf3 Be7 5. Bf4 O-O 6. e3 b6 7. a3 c5 8. Bd3 Bb7
9. O-O Nc6 10. cxd5 exd5 11. Qc2 c4 12. Bf5 g6 13. Bh3 Nh5 14. Bh6 Re8 15. Rad1
Na5 16. Ne5 Bc8 17. Bxc8 Rxc8 18. f4 Nc6 19. Rf3 Bf6 20. Rh3 Ne7 21. g4 Ng7 22.
Qf2 a6 23. Bg5 Bxe5 24. dxe5 Qd7 25. Qh4 h5 26. Bxe7 Rxe7 27. Nxd5 Kh8 28. Rg3
Re6 29. Rd4 Qb5 30. Rg2 c3 31. Nxc3 Rxc3 32. bxc3 Qb1+ 33. Kf2 Qc2+ 34. Kf3
Qxc3 35. Rgd2 Qc6+ 36. Kf2 Qh1 37. Rd8+ Kh7 38. Rc8 Rc6 39. Rxc6 Qxc6 40. gxh5
Nxh5 41. Qe7 1-0

[Event "18th "]
[Site "Senta"]
[Date "2014.07.21"]
[Round "4.34"]
[White "Kumic, Filip"]
[Black "Nagy, Aleksz M"]
[Result "1-0"]
[WhiteElo "2248"]
[BlackElo "1628"]
[PlyCount "51"]
[EventDate "2014.07.19"]

1. e4 c5 2. Nf3 d6 3. c3 d5 4. exd5 Qxd5 5. d4 Bg4 6. Be2 e6 7. h3 Bf5 8. O-O
Nf6 9. Qa4+ Nbd7 10. Rd1 a6 11. Ne5 b5 12. Qa5 Be7 13. c4 bxc4 14. Bf3 Be4 15.
Nc3 Qb7 16. Nxe4 Nxe4 17. Nxd7 Kxd7 18. d5 f5 19. Qa4+ Qb5 20. Qc2 exd5 21.
Rxd5+ Ke6 22. Bxe4 fxe4 23. Qxe4+ Kf7 24. Qf5+ Ke8 25. Bg5 Rd8 26. Re1 1-0

[Event "18th "]
[Site "Senta"]
[Date "2014.07.22"]
[Round "5.1"]
[White "Vucinic, Gojko"]
[Black "Jovanovic, Aleksandar D"]
[Result "1-0"]
[WhiteElo "2313"]
[BlackElo "2234"]
[PlyCount "33"]
[EventDate "2014.07.19"]

1. e4 b6 2. d4 Bb7 3. Bd3 e6 4. Nf3 c5 5. Qe2 Nc6 6. c3 Qc7 7. O-O Nf6 8. Bg5
d5 9. Bxf6 dxe4 10. Bxe4 gxf6 11. d5 Nd8 12. Na3 Bh6 13. Nb5 Qf4 14. g3 Rg8 15.
Kh1 Qb8 16. dxe6 fxe6 17. Bxb7 1-0

[Event "18th "]
[Site "Senta"]
[Date "2014.07.22"]
[Round "5.2"]
[White "Zivkovic, Nemanja"]
[Black "Nagy, Attila N"]
[Result "1/2-1/2"]
[WhiteElo "2284"]
[BlackElo "2212"]
[PlyCount "73"]
[EventDate "2014.07.19"]

1. e4 c5 2. Nf3 d6 3. c3 Nf6 4. h3 Bd7 5. Bd3 g6 6. O-O Bg7 7. Re1 Nc6 8. Bf1
O-O 9. d4 Rc8 10. dxc5 dxc5 11. Bf4 h6 12. Nbd2 a6 13. a4 Be6 14. e5 Nd5 15.
Bh2 Nb6 16. a5 Nd7 17. Qa4 Ndxe5 18. Nxe5 Nxe5 19. Rad1 Nd3 20. Nc4 Nxe1 21.
Rxd8 Rcxd8 22. Bc7 Rd7 23. Bb6 Nd3 24. Be2 f5 25. h4 g5 26. hxg5 hxg5 27. Ne3
Rc8 28. g4 f4 29. Qe4 Ne5 30. Bc4 Rc6 31. Bxe6+ Rxe6 32. Nd5 Kf7 33. Qf5+ Bf6
34. Qh7+ Bg7 35. Qf5+ Bf6 36. Qh7+ Bg7 37. Qf5+ 1/2-1/2

[Event "18th "]
[Site "Senta"]
[Date "2014.07.22"]
[Round "5.3"]
[White "Nestorovic, Dejan"]
[Black "Stanojevic, Branko"]
[Result "1-0"]
[WhiteElo "2408"]
[BlackElo "2251"]
[PlyCount "63"]
[EventDate "2014.07.19"]

1. d4 Nf6 2. c4 e6 3. Nc3 Bb4 4. e3 c5 5. Nge2 O-O 6. a3 Bxc3+ 7. Nxc3 b6 8. d5
exd5 9. cxd5 d6 10. Be2 Re8 11. O-O Ba6 12. Bxa6 Nxa6 13. Qd3 Nc7 14. e4 h6 15.
h3 Qd7 16. b4 a6 17. Re1 Nb5 18. Na4 Rab8 19. Bb2 Nh7 20. Nc3 Nxc3 21. Bxc3 Ra8
22. bxc5 bxc5 23. Rab1 f6 24. f4 Qa4 25. e5 Qxf4 26. Rf1 Qg5 27. h4 Qg4 28.
exf6 gxf6 29. Rb7 Re4 30. Rf3 c4 31. Qd2 Qxh4 32. Rh3 1-0

[Event "18th "]
[Site "Senta"]
[Date "2014.07.22"]
[Round "5.4"]
[White "Obodchuk, Andrei"]
[Black "Uzumcu, Ahmet Utku"]
[Result "1/2-1/2"]
[WhiteElo "2374"]
[BlackElo "1780"]
[PlyCount "104"]
[EventDate "2014.07.19"]

1. d4 Nf6 2. c4 g6 3. Nc3 d5 4. cxd5 Nxd5 5. e4 Nxc3 6. bxc3 Bg7 7. Bc4 c5 8.
Ne2 Nc6 9. Be3 O-O 10. O-O Qc7 11. Rc1 Rd8 12. Bf4 e5 13. Bg5 Rd6 14. d5 Na5
15. Bd3 c4 16. Bb1 b6 17. f4 f6 18. fxe5 fxe5 19. Qe1 Bg4 20. h3 Bxe2 21. Qxe2
Rf8 22. Bc2 Nb7 23. Rxf8+ Bxf8 24. Rf1 Bg7 25. Ba4 h6 26. Be3 Rd8 27. h4 Nd6
28. Qg4 Kh7 29. h5 g5 30. Bd1 Qd7 31. Qg3 Kh8 32. Bf3 Rf8 33. Bc1 b5 34. Re1 a5
35. a3 Qc8 36. Kh2 Qc5 37. Bg4 Qf2 38. Qxf2 Rxf2 39. Be3 Rc2 40. Bc5 Bf8 41.
Rf1 Be7 42. Bxd6 Bxd6 43. Rf6 Bxa3 44. Rxh6+ Kg7 45. Rg6+ Kh8 46. Re6 Bc1 47.
Kh3 Rxc3+ 48. Bf3 b4 49. Rc6 b3 50. Rc8+ Kg7 51. Rc7+ Kf6 52. Rc6+ Kg7 1/2-1/2

[Event "18th "]
[Site "Senta"]
[Date "2014.07.22"]
[Round "5.5"]
[White "Simonyi, Zoltan"]
[Black "Radusinovic, Lazar"]
[Result "0-1"]
[WhiteElo "2262"]
[BlackElo "2318"]
[PlyCount "106"]
[EventDate "2014.07.19"]

1. d4 d5 2. c4 c6 3. Nf3 Nf6 4. Qb3 e6 5. Nc3 Bd6 6. Bg5 Nbd7 7. e4 dxe4 8.
Nxe4 Be7 9. Nc3 O-O 10. Be2 c5 11. Rd1 cxd4 12. Rxd4 h6 13. Bh4 Qb6 14. Qxb6
Nxb6 15. O-O Bd7 16. Ne5 Rad8 17. Nxd7 Rxd7 18. Rxd7 Nbxd7 19. Rd1 Rd8 20. Bf3
b6 21. Nb5 a6 22. Nc3 Nc5 23. Rxd8+ Bxd8 24. Bg3 Nfd7 25. b4 Nd3 26. Bd6 N7e5
27. c5 bxc5 28. bxc5 Ba5 29. Na4 Nxf3+ 30. gxf3 Nb4 31. Kf1 f6 32. Ke2 Kf7 33.
Nc3 Nc6 34. Ne4 f5 35. Ng3 Bc3 36. f4 g6 37. Nf1 Ke8 38. Ne3 Kd7 39. Bf8 h5 40.
Kd3 Bd4 41. a3 e5 42. fxe5 Bxe5 43. h3 Bd4 44. Bd6 Ke6 45. Kc4 Bxe3 46. fxe3 g5
47. Bg3 h4 48. Bh2 g4 49. hxg4 fxg4 50. Bf4 g3 51. e4 Ne5+ 52. Kb4 Nd3+ 53. Ka5
Nxf4 0-1

[Event "18th "]
[Site "Senta"]
[Date "2014.07.22"]
[Round "5.6"]
[White "Atalik, Suat"]
[Black "Kiproski, Branislav"]
[Result "1-0"]
[WhiteElo "2550"]
[BlackElo "2139"]
[PlyCount "91"]
[EventDate "2014.07.19"]

1. d4 Nf6 2. c4 c5 3. d5 b5 4. cxb5 a6 5. bxa6 g6 6. Nc3 Bg7 7. e4 O-O 8. Nf3
Qa5 9. Nd2 Bxa6 10. Be2 Nh5 11. Ndb1 d6 12. O-O Nd7 13. a4 Rfb8 14. Ra3 Bxe2
15. Qxe2 Nb6 16. Bg5 Rb7 17. Rb3 Qa6 18. Qxa6 Rxa6 19. Nd2 h6 20. Be3 Rba7 21.
a5 Nd7 22. Nc4 Ne5 23. Rb8+ Kh7 24. Nxe5 Bxe5 25. Nb5 Rd7 26. Na3 Rxa5 27. Nc4
Ra4 28. Nb6 Rda7 29. Nxa4 Rxa4 30. f3 Ra2 31. Rb1 Nf4 32. Bxf4 Bxf4 33. Rb7 Kg7
34. Rxe7 g5 35. Rb7 c4 36. Rb4 Be5 37. Rxc4 Bxb2 38. g3 Be5 39. Rbc1 h5 40.
R4c2 Ra3 41. Kg2 Kg6 42. Rf1 Ra4 43. Rc6 h4 44. f4 Ra2+ 45. Kh3 Bxf4 46. gxf4
1-0

[Event "18th "]
[Site "Senta"]
[Date "2014.07.22"]
[Round "5.7"]
[White "Nadj Hedjesi, Balind"]
[Black "Miladinovic, Lena"]
[Result "1-0"]
[WhiteElo "2414"]
[BlackElo "2079"]
[PlyCount "49"]
[EventDate "2014.07.19"]

1. e4 c5 2. Nf3 e6 3. d4 cxd4 4. Nxd4 Nc6 5. Nc3 Qc7 6. a3 Nf6 7. Be3 a6 8. Be2
Be7 9. f4 d6 10. g4 Nxd4 11. Qxd4 e5 12. Qd2 Bxg4 13. Bxg4 Nxg4 14. O-O-O Nxe3
15. Qxe3 exf4 16. Qxf4 Rc8 17. Qd2 Qd8 18. Kb1 Bf6 19. Nd5 Be5 20. Rhg1 Qh4 21.
Rg5 h6 22. Rxe5+ dxe5 23. Nf6+ gxf6 24. Qd7+ Kf8 25. Qxc8+ 1-0

[Event "18th "]
[Site "Senta"]
[Date "2014.07.22"]
[Round "5.8"]
[White "Marjanovics, Gyorgy"]
[Black "Kosanovic, Goran A"]
[Result "0-1"]
[WhiteElo "2070"]
[BlackElo "2394"]
[PlyCount "78"]
[EventDate "2014.07.19"]

1. e4 e6 2. d4 d5 3. Nc3 h6 4. Nf3 Nf6 5. Bd3 Bb4 6. exd5 exd5 7. O-O O-O 8.
Ne2 Ne4 9. Ng3 Re8 10. c3 Bd6 11. Qc2 f5 12. c4 Nc6 13. a3 Bxg3 14. hxg3 Be6
15. c5 Qf6 16. Bb5 Bd7 17. Bxc6 Bxc6 18. Bf4 Re7 19. b4 Be8 20. a4 Bh5 21. Be5
Qf7 22. Nd2 Rf8 23. f3 Rxe5 24. dxe5 Nxg3 25. Rfe1 f4 26. Nf1 Qe7 27. Qd2 Qh4
28. Qxd5+ Kh7 29. Rad1 Bg6 30. Qd4 Qh1+ 31. Kf2 Qh4 32. Nxg3 fxg3+ 33. Ke3 Qg5+
34. f4 Qf5 35. Rd2 b6 36. Rf1 bxc5 37. bxc5 Rb8 38. Rfd1 a5 39. Qd3 Rb3 0-1

[Event "18th "]
[Site "Senta"]
[Date "2014.07.22"]
[Round "5.9"]
[White "Nestorovic, Lazar"]
[Black "Juhasz, Bencze"]
[Result "1/2-1/2"]
[WhiteElo "2331"]
[BlackElo "2033"]
[PlyCount "103"]
[EventDate "2014.07.19"]

1. e4 c5 2. Nc3 d6 3. Nf3 Nf6 4. d4 cxd4 5. Nxd4 a6 6. Bc4 e6 7. Bb3 b5 8. O-O
Be7 9. Qf3 Qc7 10. Qg3 O-O 11. Bh6 Ne8 12. Rad1 Bd7 13. a3 Nc6 14. Be3 Na5 15.
Nf5 Bf6 16. Nxd6 Nxd6 17. Qxd6 Qxd6 18. Rxd6 Bc6 19. f3 Nxb3 20. cxb3 Rac8 21.
Nd1 Rfd8 22. Rd2 Rxd2 23. Bxd2 Rd8 24. Bc3 Be7 25. b4 Rd7 26. Kf2 Bd8 27. Ke2
Bc7 28. g3 f5 29. e5 Bb6 30. Ne3 Kf7 31. Rc1 Bb7 32. Be1 Bd4 33. Bc3 Bb6 34.
Rc2 Ke8 35. b3 Rc7 36. Bd4 Rxc2+ 37. Nxc2 Bc7 38. Ne1 Bd5 39. Nd3 Bxb3 40. Nc5
Bc4+ 41. Ke3 a5 42. f4 axb4 43. axb4 Bd5 44. Nd3 Kd7 45. Bc5 Kc6 46. Nf2 Bd8
47. Nd1 g5 48. Nc3 g4 49. Ne2 Bc4 50. Nd4+ Kd5 51. Nc2 Bc7 52. Ne1 1/2-1/2

[Event "18th "]
[Site "Senta"]
[Date "2014.07.22"]
[Round "5.10"]
[White "Arsic, Djordje"]
[Black "Farkas, Tibor"]
[Result "0-1"]
[WhiteElo "2055"]
[BlackElo "2246"]
[PlyCount "40"]
[EventDate "2014.07.19"]

1. e4 c5 2. Nf3 d6 3. d4 cxd4 4. Nxd4 Nf6 5. Nc3 a6 6. f3 e6 7. Be3 b5 8. Qd2
Nbd7 9. O-O-O h6 10. g4 b4 11. Na4 Ne5 12. b3 Bd7 13. Nb2 Qa5 14. Kb1 Nxf3 15.
Qd3 Ne5 16. Nc4 Nxd3 17. Nxa5 Ne5 18. Bd3 Nfxg4 19. Rde1 Be7 20. Bf4 Nxd3 0-1

[Event "18th "]
[Site "Senta"]
[Date "2014.07.22"]
[Round "5.11"]
[White "Scepanovic, Labud"]
[Black "Besedes, Danilo"]
[Result "1-0"]
[WhiteElo "2144"]
[BlackElo "2029"]
[PlyCount "63"]
[EventDate "2014.07.19"]

1. g3 Nf6 2. Bg2 d5 3. Nf3 g6 4. O-O Bg7 5. d3 O-O 6. c3 Nc6 7. Qc2 e5 8. e4 a5
9. Re1 Re8 10. Bg5 Be6 11. d4 dxe4 12. Nxe5 Bd5 13. Nxc6 Bxc6 14. Nd2 Re6 15.
Nxe4 Bxe4 16. Rxe4 Rxe4 17. Bxe4 c6 18. Bf3 Qd7 19. Re1 Re8 20. Rxe8+ Qxe8 21.
Qd2 Qe6 22. Qf4 Ne8 23. Qb8 h6 24. Bf4 Qd7 25. Qa8 Kh7 26. Qxa5 Nd6 27. Qb4 Bf8
28. Qb3 Qf5 29. Kg2 g5 30. Bxd6 Bxd6 31. Qxb7 g4 32. Bxc6 1-0

[Event "18th "]
[Site "Senta"]
[Date "2014.07.22"]
[Round "5.12"]
[White "Lazov, Toni"]
[Black "Jovicic, Radosav"]
[Result "1-0"]
[WhiteElo "2001"]
[BlackElo "2141"]
[PlyCount "79"]
[EventDate "2014.07.19"]

1. e4 g6 2. d4 Bg7 3. Nc3 d6 4. Bg5 c6 5. Qd2 b5 6. f4 Nf6 7. Bd3 O-O 8. Nf3
Bg4 9. h3 Bxf3 10. gxf3 b4 11. Ne2 a5 12. f5 Nbd7 13. Bh6 c5 14. fxg6 hxg6 15.
h4 cxd4 16. h5 Ne5 17. Nxd4 Qb6 18. Bxg7 Kxg7 19. hxg6 fxg6 20. Ne6+ Kf7 21.
Ng5+ Ke8 22. O-O-O Nh5 23. Kb1 Kd7 24. Be2 Nf4 25. Rh7 Rae8 26. Rh4 Ng2 27. f4
Nxh4 28. fxe5 Kc8 29. Qd5 Kb8 30. Ne6 Rf2 31. Bb5 Rc8 32. Nd4 Nf3 33. exd6 Nxd4
34. d7 Nxb5 35. Qa8+ Kxa8 36. dxc8=Q+ Qb8 37. Qc6+ Qb7 38. Rd8+ Ka7 39. Qc5+
Qb6 40. Rd7+ 1-0

[Event "18th "]
[Site "Senta"]
[Date "2014.07.22"]
[Round "5.13"]
[White "Kecskemeti, Arpad"]
[Black "Bernath, Robert"]
[Result "1/2-1/2"]
[WhiteElo "1966"]
[BlackElo "2102"]
[PlyCount "56"]
[EventDate "2014.07.19"]

1. e4 c5 2. Nf3 Nc6 3. d4 cxd4 4. Nxd4 Nf6 5. Nc3 e5 6. Ndb5 d6 7. Bg5 a6 8.
Na3 b5 9. Nd5 Be7 10. Bxf6 Bxf6 11. c4 b4 12. Nc2 a5 13. Be2 O-O 14. O-O Bg5
15. Qd3 Ne7 16. Nxe7+ Qxe7 17. Rfd1 Bb7 18. Bf3 Rfd8 19. Ne3 Bxe3 20. Qxe3 Qc7
21. b3 a4 22. h3 h6 23. Rab1 axb3 24. axb3 Qc5 25. Rd3 Qxe3 26. Rxe3 Kf8 27.
Rd1 Ke7 28. Red3 Ra5 1/2-1/2

[Event "18th "]
[Site "Senta"]
[Date "2014.07.22"]
[Round "5.14"]
[White "Sarnyai, Daniel"]
[Black "Popov, Stevan"]
[Result "1-0"]
[WhiteElo "1851"]
[BlackElo "2189"]
[PlyCount "69"]
[EventDate "2014.07.19"]

1. c4 Nf6 2. Nc3 g6 3. e4 d6 4. g3 Bg7 5. Bg2 O-O 6. Nge2 c5 7. d3 Nc6 8. O-O
Ne8 9. Be3 e5 10. Qd2 Nc7 11. f4 Nd4 12. Nd5 Nxe2+ 13. Qxe2 Nxd5 14. cxd5 f5
15. Rae1 Bd7 16. fxe5 Bxe5 17. Bh6 Rf7 18. Bh3 fxe4 19. Bxd7 Qxd7 20. dxe4 Re8
21. Rxf7 Qxf7 22. b3 Qe7 23. Qg4 b5 24. Kg2 c4 25. bxc4 bxc4 26. Rc1 c3 27. Rc2
Bf6 28. Kf3 Qb7 29. Qf4 Be5 30. Qe3 Qb1 31. Qd3 Qe1 32. Rc1 Rf8+ 33. Kg4 Qf2
34. Bxf8 Kxf8 35. Rf1 1-0

[Event "18th "]
[Site "Senta"]
[Date "2014.07.22"]
[Round "5.15"]
[White "Puhalo, Zdravko"]
[Black "Andrijevic, Milan"]
[Result "0-1"]
[WhiteElo "2049"]
[BlackElo "2336"]
[PlyCount "122"]
[EventDate "2014.07.19"]

1. d4 d5 2. f4 Nf6 3. Nf3 g6 4. e3 Bg7 5. Bd3 c5 6. c3 Nbd7 7. O-O O-O 8. Nbd2
b6 9. h3 Bb7 10. Qe1 Ne4 11. g4 Nxd2 12. Bxd2 Nf6 13. Qh4 Ne4 14. Be1 e6 15.
Qxd8 Rfxd8 16. g5 a5 17. Bxe4 dxe4 18. Ne5 Ba6 19. Rf2 Bd3 20. Rd2 c4 21. Rdd1
b5 22. a3 Bf8 23. h4 Ra6 24. Rdc1 Bd6 25. Bd2 Kg7 26. Kf2 f6 27. gxf6+ Kxf6 28.
Ng4+ Kg7 29. Rg1 h5 30. Nh2 Be7 31. Kg3 Rda8 32. Kh3 b4 33. a4 bxc3 34. Bxc3
Kf7 35. Nf1 Bb4 36. Nd2 Bxc3 37. bxc3 Rb6 38. Ra2 Rab8 39. Kg3 Rb2 40. Rga1 Ke7
41. Kf2 R8b3 42. Rxb2 Rxb2 43. Ke1 Kf6 44. Kd1 Kf5 45. Ra3 Kg4 46. Kc1 Rb7 47.
Ra2 Kxh4 48. Nxc4 Bxc4 49. Rg2 Rg7 50. Rg5 Be2 51. Kd2 Bg4 52. c4 Kg3 53. d5
exd5 54. cxd5 Kf3 55. d6 Bf5 56. Ke1 Kxe3 57. Kf1 Kxf4 58. Rg1 Rb7 59. Kg2 Rb2+
60. Kh1 Rd2 61. Rf1+ Ke5 0-1

[Event "18th "]
[Site "Senta"]
[Date "2014.07.22"]
[Round "5.17"]
[White "Pajzer, Istvan"]
[Black "Csikos, Mihaly"]
[Result "0-1"]
[WhiteElo "2116"]
[BlackElo "2058"]
[PlyCount "92"]
[EventDate "2014.07.19"]

1. d4 d5 2. c4 e6 3. Nc3 Nf6 4. Bg5 Nbd7 5. e3 c6 6. Nf3 Qa5 7. Bxf6 Nxf6 8.
Nd2 Bb4 9. Qc2 O-O 10. Bd3 Bd7 11. g4 g6 12. g5 dxc4 13. Nxc4 Qxg5 14. O-O-O
Bxc3 15. bxc3 Nd5 16. h4 Qe7 17. h5 Be8 18. hxg6 fxg6 19. Rh6 b5 20. Nb2 Qa3
21. Bxg6 hxg6 22. Rdh1 Kg7 23. Rh7+ Kf6 24. e4 Bf7 25. exd5 cxd5 26. Kb1 b4 27.
R1h3 bxc3 28. Rf3+ Ke7 29. Rxc3 Qa5 30. Rc7+ Kf6 31. Rc3 Rab8 32. Qd2 Ke7 33.
a3 Qb6 34. Ka2 Rb7 35. Qg5+ Kd7 36. Qd2 Ke7 37. Rhh3 Rfb8 38. Rc2 Qa6 39. Rhc3
Qb6 40. f3 Kd7 41. Qh2 g5 42. Ka1 Bg6 43. Re2 Qxd4 44. Qh6 Rxb2 45. Rxb2 Qxc3
46. Qg7+ Qxg7 0-1

[Event "18th "]
[Site "Senta"]
[Date "2014.07.22"]
[Round "5.18"]
[White "Dikic, Veljko"]
[Black "Rajkovic, Mladen"]
[Result "1/2-1/2"]
[WhiteElo "1950"]
[BlackElo "2116"]
[PlyCount "107"]
[EventDate "2014.07.19"]

1. d4 d5 2. Nf3 e6 3. Bf4 c5 4. c3 Nf6 5. e3 a6 6. Nbd2 Nc6 7. Bd3 Be7 8. h3 c4
9. Bc2 b5 10. Ne5 Na7 11. a3 Bb7 12. g4 Nd7 13. g5 Nc6 14. Nxd7 Qxd7 15. Nf3 f6
16. gxf6 gxf6 17. Rg1 O-O-O 18. Nh4 Rdg8 19. Kd2 Qe8 20. Qf3 Ba8 21. Qh1 Kb7
22. Rxg8 Rxg8 23. Rg1 Kc8 24. Rxg8 Qxg8 25. Nf3 Kd7 26. Qg1 Qxg1 27. Nxg1 f5
28. Nf3 Ke8 29. Ne5 Bf6 30. Nxc6 Bxc6 31. Be5 Bxe5 32. dxe5 Kf7 33. f4 Kg6 34.
Bd1 Be8 35. Ke1 Kh6 36. Kf2 Kg7 37. Kg3 Kf8 38. Kh4 h6 39. Kg3 Ke7 40. Kh4 Kf8
41. Kg3 a5 42. Kf2 Ke7 43. Ke1 Kd7 44. Kd2 Kc6 45. Be2 Kc5 46. Bd1 b4 47. Ke1
bxa3 48. bxa3 Kb5 49. Kd2 Kc5 50. Ke1 Kb6 51. Kf2 Kb5 52. Ke1 h5 53. h4 Kc5 54.
Kd2 1/2-1/2

[Event "18th "]
[Site "Senta"]
[Date "2014.07.22"]
[Round "5.19"]
[White "Farkas, Sandor I"]
[Black "Savic, Dragan"]
[Result "0-1"]
[WhiteElo "1901"]
[BlackElo "2104"]
[PlyCount "50"]
[EventDate "2014.07.19"]

1. e4 e6 2. d4 d5 3. Nd2 Nf6 4. e5 Nfd7 5. Bd3 c5 6. c3 Nc6 7. Ne2 Qa5 8. O-O
b5 9. f4 b4 10. f5 cxd4 11. fxe6 fxe6 12. Nf4 Ndxe5 13. cxd4 Qb6 14. Qh5+ Kd8
15. Qg5+ Be7 16. Qxg7 Qxd4+ 17. Kh1 Nxd3 18. Qxd4 Nxd4 19. Nxd3 Ba6 20. Ne5
Bxf1 21. Nf7+ Kd7 22. Nxh8 Bxg2+ 23. Kxg2 Rxh8 24. Nf3 Rg8+ 25. Kf2 Rf8 0-1

[Event "18th "]
[Site "Senta"]
[Date "2014.07.22"]
[Round "5.20"]
[White "Sente, Damir"]
[Black "Marjanovics, Annamaria"]
[Result "0-1"]
[WhiteElo "2093"]
[BlackElo "2051"]
[PlyCount "96"]
[EventDate "2014.07.19"]

1. Nf3 f5 2. Nc3 Nf6 3. d4 g6 4. Bg5 Bg7 5. Bxf6 Bxf6 6. e4 fxe4 7. Nxe4 Bg7 8.
Bd3 d5 9. Neg5 O-O 10. Ne5 Qd6 11. Nxh7 Kxh7 12. Nxg6 Kg8 13. Nxf8 Kxf8 14. c3
Nd7 15. Qf3+ Nf6 16. Bf5 Bxf5 17. Qxf5 Qd7 18. Qxd7 Nxd7 19. Rd1 Kf7 20. Ke2
Rh8 21. f4 Nf6 22. Kf3 Ne4 23. h4 Bf6 24. h5 Kg7 25. g4 Rf8 26. Kg2 e6 27. Rhf1
Be7 28. Kf3 Ng5+ 29. Kg2 Ne4 30. Kf3 Ng5+ 31. Ke3 Nh3 32. Rf3 Nxf4 33. Rdf1 Bg5
34. Rxf4 Rf6 35. c4 c6 36. c5 Kf7 37. R1f2 Ke7 38. Rf1 Rf8 39. h6 Bxh6 40. Rh1
Bxf4+ 41. Ke2 Rf7 42. Rh8 Rg7 43. Kf3 Bc1 44. Rb8 Kf6 45. b3 e5 46. Rf8+ Rf7
47. dxe5+ Ke6+ 48. Rxf7 Kxf7 0-1

[Event "18th "]
[Site "Senta"]
[Date "2014.07.23"]
[Round "6.2"]
[White "Radusinovic, Lazar"]
[Black "Zivkovic, Nemanja"]
[Result "1/2-1/2"]
[WhiteElo "2318"]
[BlackElo "2284"]
[PlyCount "20"]
[EventDate "2014.07.19"]

1. d4 g6 2. Nf3 Bg7 3. g3 Nf6 4. Bg2 O-O 5. O-O d6 6. c4 Nc6 7. d5 Na5 8. Nfd2
c5 9. a3 b5 10. cxb5 a6 1/2-1/2